[Event "FS GM"]
[Site "Budapest"]
[Date "1995.10.09"]
[Round "3"]
[White "Gonzalez Garcia, J"]
[Black "El Ghazali, Y"]
[Result "1-0"]
[WhiteElo "2375"]
[BlackElo "2315"]

1. d4 Nf6 2. Nf3 a6 3. c4 c5 4. e3 e6 5. Nc3 d5 6. cxd5 exd5 7. Be2 Nc6 8.
O-O cxd4 9. Nxd4 Bd6 10. Nxc6 bxc6 11. b3 Qe7 12. Bb2 Qe5 13. g3 Qe7 14.
Bf3 h5 15. e4 h4 16. exd5 hxg3 17. hxg3 Kf8 18. dxc6 Be6 19. Qd2 Qc7 20.
Rad1 Be7 21. Qf4 Qc8 22. Na4 Rb8 23. c7 Rb5 24. Ba3 Ne8 25. Bxe7+ Kxe7 26.
Rd8 Nxc7 27. Qd6+ Kf6 28. Rxc8 Rxc8 29. Rc1 Ne8 30. Qd4+ Ke7 31. Rxc8 Bxc8
32. Bc6 Rf5 33. Qa7+ Kf8 34. Qb8 1-0

[Event "FS GM"]
[Site "Budapest"]
[Date "1995.10.09"]
[Round "3"]
[White "Van den Doel, E"]
[Black "Enders, P"]
[Result "1/2-1/2"]
[WhiteElo "2305"]
[BlackElo "2470"]

1. e4 c5 2. Nf3 d6 3. d4 cxd4 4. Nxd4 Nf6 5. Nc3 a6 6. f4 e5 7. Nf3 Nbd7 8.
Bc4 Be7 9. O-O O-O 10. Qe2 b5 11. Bb3 Bb7 12. Rd1 Qc7 13. fxe5 dxe5 14. Bg5
b4 15. Nd5 Bxd5 16. Bxd5 Rac8 17. Bb3 Nc5 18. Bxf6 Bxf6 19. Rd2 Rfd8 20.
Rad1 Rxd2 21. Rxd2 Nxb3 22. axb3 Qc6 23. Qe3 h6 24. h3 a5 25. Kh2 a4 26.
bxa4 Qxa4 27. Qd3 Qa2 28. b3 Qa1 29. Qe3 Rc3 30. Qe2 Qc1 31. Qf2 Kh7 32.
Qe2 Be7 33. h4 Bc5 34. Qd1 Qxd1 35. Rxd1 f6 36. h5 g5 37. Kh3 f5 38. Kh2
fxe4 39. Nxe5 Bf2 40. Rd7+ Kg8 41. Ng4 Bg3+ 42. Kg1 Kf8 43. Rd8+ 1/2-1/2

[Event "FS GM"]
[Site "Budapest"]
[Date "1995.10.09"]
[Round "3"]
[White "Reschke, S"]
[Black "Lukacs, P"]
[Result "0-1"]
[WhiteElo "2380"]
[BlackElo "2480"]

1. Nf3 Nf6 2. g3 d5 3. Bg2 c6 4. O-O Bg4 5. c3 Nbd7 6. Qb3 e5 7. Qxb7 Nc5
8. Qb4 a5 9. Qa3 a4 10. b4 axb3 11. Qb2 Bxf3 12. Bxf3 Rb8 13. axb3 Nxb3 14.
Ra2 e4 15. Bg2 Nd4 16. cxd4 Rxb2 17. Bxb2 Bb4 18. Bc3 Bxc3 19. Nxc3 O-O 20.
Rb1 Qc7 21. e3 Rb8 22. Rxb8+ Qxb8 23. Bf1 h5 24. Be2 g5 25. h3 Kg7 26. Kg2
g4 27. h4 Ne8 28. Bd1 Nd6 29. Be2 Qb7 30. Kg1 f5 31. Kg2 f4 32. Ba6 f3+ 33.
Kf1 Qb8 34. Ra1 Qb2 35. Rd1 Nf5 36. Bc8 Nxg3+ 37. fxg3 Qb8 38. Kf2 Qxc8 39.
Rb1 Qa6 40. Rb2 Kg6 41. Ke1 Qa3 42. Rb1 Kf5 43. Kf2 Ke6 44. Ke1 Kd7 45. Kf2
Kc8 46. Rd1 Qb2 47. Na4 Qc2 48. Nc3 c5 49. dxc5 d4 50. exd4 Qd3 0-1

[Event "FS GM"]
[Site "Budapest"]
[Date "1995.10.09"]
[Round "3"]
[White "Schneider, A"]
[Black "Almasi, I"]
[Result "1/2-1/2"]
[WhiteElo "2355"]
[BlackElo "2395"]

1. c4 e5 2. a3 Nc6 3. Nc3 g6 4. g3 Bg7 5. Bg2 Nge7 6. e3 d6 7. Nge2 Be6 8.
Nd5 O-O 9. Nec3 Qd7 10. Qa4 Nc8 1/2-1/2

[Event "FS GM"]
[Site "Budapest"]
[Date "1995.10.09"]
[Round "3"]
[White "Seul, G"]
[Black "Horvath, Jo"]
[Result "1/2-1/2"]
[WhiteElo "2430"]
[BlackElo "2510"]

1. e4 Nf6 2. e5 Nd5 3. d4 d6 4. c4 Nb6 5. exd6 exd6 6. Nc3 Be7 7. Qf3 Nc6
8. Be3 O-O 9. O-O-O Be6 10. b3 Qc8 11. h3 a5 1/2-1/2

[Event "FS GM"]
[Site "Budapest"]
[Date "1995.10.10"]
[Round "4"]
[White "Enders, P"]
[Black "Schneider, A"]
[Result "1-0"]
[WhiteElo "2470"]
[BlackElo "2355"]

1. e4 c5 2. Nf3 d6 3. d4 cxd4 4. Nxd4 Nf6 5. Nc3 g6 6. Be3 Bg7 7. f3 O-O 8.
Qd2 Nc6 9. Bc4 Bd7 10. O-O-O Ne5 11. Bb3 Rc8 12. h4 Nc4 13. Bxc4 Rxc4 14.
h5 Nxh5 15. g4 Nf6 16. Bh6 Nxe4 17. Qe3 Rxc3 18. bxc3 Nf6 19. Bxg7 Kxg7 20.
Rh2 Rg8 21. Ne2 Be6 22. Rdh1 Kf8 23. Qxa7 Bd5 24. Rf1 h5 25. Nf4 Bc4 26.
Rg1 e5 27. Nd3 Bd5 28. g5 Nd7 29. f4 Be4 30. Rd2 Qc7 31. Qa3 Kg7 32. fxe5
Nxe5 33. Nxe5 dxe5 34. Re1 Bf3 35. Qb4 Rc8 36. Rd6 Qxc3 37. Qxc3 Rxc3 38.
Rxe5 Rc7 39. Rf6 Bc6 40. Rf4 Kf8 41. a4 Rd7 42. a5 Rd6 43. Kb2 Rd5 44. Rxd5
Bxd5 45. c4 Bg2 46. Kc3 f5 47. gxf6 Kf7 48. Kd4 Bh3 49. Rh4 Bf1 50. Ke5 Be2
51. Rd4 g5 52. Kf5 g4 53. Rd7+ 1-0

[Event "FS GM"]
[Site "Budapest"]
[Date "1995.10.10"]
[Round "4"]
[White "Almasi, I"]
[Black "Gonzalez Garcia, J"]
[Result "1/2-1/2"]
[WhiteElo "2395"]
[BlackElo "2375"]

1. e4 c6 2. d4 d5 3. e5 Bf5 4. h4 h5 5. c4 e6 6. Nc3 Be7 7. cxd5 cxd5 8.
Bg5 Nc6 9. Qd2 Qb6 10. Bb5 f6 11. exf6 Bxf6 12. Nge2 Nge7 13. O-O Kf7 14.
Rad1 Rad8 15. Rfe1 Ng6 16. Ng3 Nxh4 17. Bxh4 Bxh4 18. Nxf5 exf5 19. Qf4 Bf6
20. Qxf5 Nxd4 21. Rxd4 Qxd4 22. Qe6+ Kg6 23. Re3 Kh6 24. Bd3 Qg4 25. Bf5
Rhe8 26. Bxg4 Rxe6 27. Bxe6 d4 28. Rd3 dxc3 29. Rxd8 Bxd8 1/2-1/2

[Event "FS GM"]
[Site "Budapest"]
[Date "1995.10.11"]
[Round "5"]
[White "Van den Doel, E"]
[Black "Horvath, Jo"]
[Result "1/2-1/2"]
[WhiteElo "2305"]
[BlackElo "2510"]

1. e4 c5 2. Nf3 Nc6 3. d4 cxd4 4. Nxd4 Qc7 5. Nc3 e6 6. Be2 a6 7. O-O Nf6
8. Kh1 Be7 9. f4 d6 10. Be3 O-O 11. Qe1 Nxd4 12. Bxd4 b5 13. a3 Bb7 1/2-1/2

[Event "FS GM"]
[Site "Budapest"]
[Date "1995.10.11"]
[Round "5"]
[White "El Ghazali, Y"]
[Black "Almasi, I"]
[Result "0-1"]
[WhiteElo "2315"]
[BlackElo "2395"]

1. c4 c5 2. Nf3 Nc6 3. Nc3 g6 4. d4 cxd4 5. Nxd4 Bg7 6. Nc2 Bxc3+ 7. bxc3
Qa5 8. e4 Nf6 9. Qd3 d6 10. Be2 Nxe4 11. Qxe4 Bf5 12. Qe3 Bxc2 13. O-O O-O
14. Bf3 Qc7 15. Bxc6 bxc6 16. Re1 Rfe8 17. Qh6 c5 18. Bg5 f6 19. Bh4 Bd3
20. Re3 Bxc4 21. Rae1 Qd7 22. f4 Rab8 23. h3 Bxa2 24. f5 Qxf5 25. Rxe7 Rxe7
26. Rxe7 Bf7 27. Rxa7 Qe5 28. Ra1 Qxc3 29. Rc1 Qd4+ 30. Bf2 Qe4 31. Qh4 Bd5
32. Qxe4 Bxe4 33. Rd1 Rb6 34. Re1 f5 35. g4 Kf7 36. gxf5 gxf5 37. Kh2 Rb2
38. Kg3 Ke6 39. Be3 Rc2 40. Rd1 d5 41. Ra1 d4 42. Bf4 Rc3+ 43. Kh4 Rf3 44.
Ra6+ Kd5 45. Rd6+ Kc4 46. Bd2 d3 47. Rd7 Rf2 48. Ba5 Bd5 49. Rxh7 Ra2 50.
Be1 Re2 51. Ba5 f4 0-1

[Event "FS GM"]
[Site "Budapest"]
[Date "1995.10.11"]
[Round "5"]
[White "Schneider, A"]
[Black "Lukacs, P"]
[Result "1/2-1/2"]
[WhiteElo "2355"]
[BlackElo "2480"]

1. Nf3 d5 2. d4 Nf6 3. c4 e6 4. Nc3 c5 5. cxd5 Nxd5 6. e4 Nxc3 7. bxc3 cxd4
8. cxd4 Nc6 9. Be2 Bb4+ 10. Bd2 Bxd2+ 11. Qxd2 O-O 12. O-O e5 13. d5 Bg4
14. dxc6 Qxd2 1/2-1/2

[Event "FS GM"]
[Site "Budapest"]
[Date "1995.10.12"]
[Round "6"]
[White "Horvath, Jo"]
[Black "Schneider, A"]
[Result "1/2-1/2"]
[WhiteElo "2510"]
[BlackElo "2355"]

1. d4 Nf6 2. c4 g6 3. Nf3 Bg7 4. g3 O-O 5. Bg2 c5 6. Nc3 Nc6 7. d5 Na5 8.
Nd2 d6 9. O-O e5 10. e4 Ne8 11. b3 f5 12. exf5 gxf5 13. Bb2 a6 14. Qc2 b6
15. Ne2 Ra7 16. Rfe1 1/2-1/2

[Event "FS GM"]
[Site "Budapest"]
[Date "1995.10.12"]
[Round "6"]
[White "Seul, G"]
[Black "Reschke, S"]
[Result "0-1"]
[WhiteElo "2430"]
[BlackElo "2380"]

1. e4 c5 2. c3 d5 3. exd5 Qxd5 4. d4 Nf6 5. Nf3 Bg4 6. Qa4+ Bd7 7. Qb3 cxd4
8. Bc4 Qe4+ 9. Kf1 e6 10. cxd4 Nc6 11. Nc3 Qf5 12. Qxb7 Rb8 13. Qc7 Be7 14.
Be2 Bd8 15. Qg3 O-O 16. Ne5 Nxe5 17. Qxe5 Ba5 18. Qxf5 exf5 19. Nd1 Rfe8
20. Nc3 Bc6 21. f3 Rb4 22. Kf2 Bb6 23. Rd1 Rxd4 24. Kf1 Rh4 25. h3 Nh5 26.
Bg5 Ng3+ 27. Ke1 Rh5 28. Rd6 Nxe2 29. Rxc6 Nxc3+ 0-1

[Event "FS GM"]
[Site "Budapest"]
[Date "1995.10.13"]
[Round "7"]
[White "Almasi, I"]
[Black "Enders, P"]
[Result "0-1"]
[WhiteElo "2395"]
[BlackElo "2470"]

1. e4 c5 2. Nc3 d6 3. f4 g6 4. Nf3 Bg7 5. Bc4 Nc6 6. O-O Nf6 7. Qe1 e6 8.
f5 Ne5 9. Nxe5 dxe5 10. Bb5+ Kf8 11. fxg6 hxg6 12. d3 a6 13. Bc4 b5 14. Bb3
c4 15. dxc4 bxc4 16. Ba4 Kg8 17. h3 Qc7 18. Bg5 Nh5 19. Rd1 f6 20. Be3 Rb8
21. b3 Nf4 22. Ne2 g5 23. bxc4 Qxc4 24. Nxf4 exf4 25. Ba7 Rb7 26. Bb3 Qc6
27. Bd4 Kf7 28. Qe2 Rd7 29. Bb2 Rxd1 30. Rxd1 Bf8 31. Rd5 Bb7 32. Rf5 Rh6
33. Bxf6 Ke8 34. Bxg5 exf5 35. exf5+ Qe4 36. Qxe4+ Bxe4 37. Bxh6 Bxh6 38.
f6 Bg5 39. f7+ Ke7 40. Kf2 Bh4+ 41. Kf1 a5 0-1

[Event "FS GM"]
[Site "Budapest"]
[Date "1995.10.13"]
[Round "7"]
[White "Van den Doel, E"]
[Black "Seul, G"]
[Result "0-1"]
[WhiteElo "2305"]
[BlackElo "2430"]

1. e4 d6 2. d4 g6 3. c4 Bg7 4. Nc3 e5 5. Nf3 Bg4 6. dxe5 dxe5 7. Qxd8+ Kxd8
8. Be3 f6 9. O-O-O+ Kc8 10. h3 Be6 11. Kc2 Nh6 12. c5 Nf7 13. Nd2 Nc6 14.
Nc4 Rd8 15. Rxd8+ Nfxd8 16. a3 Nd4+ 17. Bxd4 exd4 18. Nd5 Bf7 19. g3 Ne6
20. b4 Rb8 21. h4 Kd8 22. Bh3 f5 23. Bg2 fxe4 24. Bxe4 c6 25. Nd6 cxd5 26.
Bxd5 Ke7 27. Re1 Rd8 28. Bc4 Rxd6 29. cxd6+ Kxd6 30. Kd3 Nd8 31. f4 Be6 32.
Bxe6 Nxe6 33. Rh1 Kd5 34. Re1 Bf8 35. Rf1 Bd6 36. f5 Nf8 37. g4 Nd7 38.
fxg6 Ne5+ 39. Kc2 hxg6 40. h5 Be7 41. hxg6 Nxg6 42. Rf7 Ke6 43. Rh7 Ne5 44.
Rh6+ Kd5 45. Rh7 Bg5 46. Kd1 b5 47. Rxa7 Nc4 48. Rg7 Bf4 49. g5 Ke6 50. Kc2
Ne5 51. Rg8 d3+ 52. Kc3 d2 53. Kc2 Nc4 54. g6 Bh6 55. Rh8 Nb2 56. Rd8 d1=Q+
57. Rxd1 Nxd1 58. Kxd1 Kd5 59. Kc2 Kc4 60. Kb2 Bg7+ 61. Ka2 Bf6 0-1

[Event "FS GM"]
[Site "Budapest"]
[Date "1995.10.13"]
[Round "7"]
[White "El Ghazali, Y"]
[Black "Lukacs, P"]
[Result "1-0"]
[WhiteElo "2315"]
[BlackElo "2480"]

1. c4 Nf6 2. Nc3 e5 3. g3 Bb4 4. Qb3 Nc6 5. Bg2 Bxc3 6. Qxc3 O-O 7. d3 d5
8. Bg5 d4 9. Qb3 h6 10. Bxf6 Qxf6 11. Nf3 Rb8 12. Nd2 b6 13. O-O Bb7 14.
Qa4 a5 15. Rac1 Nd8 16. c5 Bxg2 17. Kxg2 b5 18. Qxa5 Qc6+ 19. Kg1 Ra8 20.
Qb4 Rxa2 21. Ra1 Rxa1 22. Rxa1 Ne6 23. Nf3 f6 24. Qb3 Kh7 25. Rc1 Ra8 26.
h4 g6 27. h5 g5 28. Nd2 Kg7 29. Ne4 f5 30. Nd6 Kf6 31. Nxb5 Rb8 32. Nxd4
Nxd4 33. Qxb8 Nxe2+ 34. Kh2 Kg7 35. Ra1 Nd4 36. Qa8 Qxc5 37. Ra6 1-0

[Event "FS GM"]
[Site "Budapest"]
[Date "1995.10.14"]
[Round "8"]
[White "Horvath, Jo"]
[Black "El Ghazali, Y"]
[Result "1-0"]
[WhiteElo "2510"]
[BlackElo "2315"]

1. d4 Nf6 2. c4 a6 3. Nf3 c5 4. d5 b5 5. Qc2 d6 6. e4 g6 7. cxb5 Bg7 8. Nc3
O-O 9. Bd2 Bg4 10. Be2 e6 11. dxe6 fxe6 12. O-O axb5 13. Nxb5 Nc6 14. h3
Bxf3 15. Bxf3 Nh5 16. Bxh5 gxh5 17. Bc3 Nd4 18. Bxd4 cxd4 19. Qc4 d5 20.
exd5 exd5 21. Qd3 Rf4 22. a4 Kh8 23. b3 Bf6 24. Rae1 Qd7 25. Qg3 Re4 26.
Qf3 Qe7 27. Rc1 Be5 28. Qxh5 Rg8 29. Rcd1 Qf6 30. Rd3 Rf4 31. g3 Rg5 32.
Qe2 Re4 33. Qf3 Rf4 34. Qd1 h5 35. Kg2 h4 36. g4 Qg7 37. Nxd4 Qf7 38. Nf3
Rg7 39. Rh1 1-0

[Event "FS GM"]
[Site "Budapest"]
[Date "1995.10.14"]
[Round "8"]
[White "Reschke, S"]
[Black "Van den Doel, E"]
[Result "1/2-1/2"]
[WhiteElo "2380"]
[BlackElo "2305"]

1. c4 e6 2. Nf3 Nf6 3. g3 d5 4. b3 Be7 5. Bb2 O-O 6. Bg2 b6 7. O-O Bb7 8.
e3 c5 9. Qe2 Nc6 10. Rd1 Rc8 11. Nc3 dxc4 12. bxc4 Na5 13. Ne1 Qd7 14. Rab1
Rfd8 15. d3 Bxg2 16. Nxg2 Qb7 17. f4 Rd7 18. g4 Rcd8 19. Ne1 Bf8 20. Ba1
Nc6 21. g5 Ne8 22. Nf3 Nd6 23. Kf2 Nf5 24. a3 Qa6 25. Bb2 Qc8 26. h4 Qb8
27. Ne4 Re8 28. Rg1 e5 29. fxe5 Nxe5 30. Nxe5 Rxe5 31. Bxe5 Qxe5 32. h5 Nd6
33. Nd2 Nf5 34. Nf3 Qc3 35. Qd2 Qxd2+ 36. Nxd2 Rxd3 37. Nf3 Nd6 38. Ne5 Rc3
39. Rbd1 Be7 40. Nc6 Kf8 41. g6 hxg6 42. hxg6 fxg6 43. Nxe7 Kxe7 44. Rxg6
Nxc4 45. Rxg7+ Ke6 46. Rxa7 Rxa3 47. Rxa3 Nxa3 48. Ke2 b5 49. Kd3 b4 50.
Rh1 c4+ 51. Kd4 Nc2+ 52. Kxc4 Nxe3+ 53. Kxb4 Kd5 54. Kc3 Ng4 55. Rh4 Ne5
56. Rd4+ Ke6 57. Rd1 Kf5 58. Kd4 Nf3+ 59. Ke3 Ne5 60. Rd5 Ke6 61. Ke4 Nc4
1/2-1/2

[Event "FS GM"]
[Site "Budapest"]
[Date "1995.10.15"]
[Round "9"]
[White "Enders, P"]
[Black "Lukacs, P"]
[Result "1-0"]
[WhiteElo "2470"]
[BlackElo "2480"]

1. e4 e5 2. Nf3 Nc6 3. Bb5 a6 4. Ba4 Nf6 5. O-O Be7 6. Re1 b5 7. Bb3 d6 8.
c3 O-O 9. h3 Na5 10. Bc2 c5 11. d4 Qc7 12. Nbd2 cxd4 13. cxd4 Nc6 14. Nf1
Nxd4 15. Nxd4 exd4 16. Bf4 Nd7 17. Rc1 Qb6 18. Bb3 Ne5 19. Bd5 Ra7 20. Qb3
Bf6 21. Ng3 g6 22. Red1 Bb7 23. Ne2 Bxd5 24. Qxd5 Rc7 25. Rxc7 Qxc7 26.
Nxd4 Qc5 27. Nb3 Qxd5 28. Rxd5 Nc4 29. Bxd6 Re8 30. f3 Bxb2 31. Bb4 Rc8 32.
Kf2 Ba3 33. Bxa3 Nxa3 34. Rc5 Ra8 35. Na5 Rd8 36. Ke3 Rd1 37. Rc3 b4 38.
Rc8+ Kg7 39. g4 g5 40. Rc5 h6 41. Nc6 Ra1 42. Nxb4 a5 43. Nc6 Rxa2 44. Nd4
a4 45. e5 Rb2 46. Nf5+ Kh7 47. Rc7 Rb3+ 48. Ke4 Rb4+ 49. Kd5 Rb5+ 50. Ke4
Rb4+ 51. Kd3 Rb3+ 52. Ke2 Rb2+ 53. Ke3 Rb3+ 54. Kf2 Rb2+ 55. Kg3 Re2 56.
Rxf7+ Kh8 57. Ra7 Nc2 58. Nxh6 a3 59. Nf7+ Kg8 60. Nxg5 Rxe5 61. Ne4 1-0

[Event "FS GM"]
[Site "Budapest"]
[Date "1995.10.15"]
[Round "9"]
[White "Almasi, I"]
[Black "Horvath, Jo"]
[Result "1/2-1/2"]
[WhiteElo "2395"]
[BlackElo "2510"]

1. c4 c5 2. Nc3 g6 3. g3 Bg7 4. Bg2 Nc6 5. Nf3 Nf6 6. O-O d5 7. cxd5 Nxd5
8. Ng5 Nb6 9. Na4 Qd4 10. Nc3 O-O 11. d3 c4 12. Be3 Qd8 13. dxc4 Qxd1 14.
Raxd1 Nxc4 15. Bc1 Bf5 16. Nge4 Rac8 1/2-1/2

[Event "FS GM"]
[Site "Budapest"]
[Date "1995.10.15"]
[Round "9"]
[White "Gonzalez Garcia, J"]
[Black "Seul, G"]
[Result "1/2-1/2"]
[WhiteElo "2375"]
[BlackElo "2430"]

1. d4 d6 2. c4 e5 3. Nf3 e4 4. Ng5 f5 5. Nc3 Be7 6. Nh3 c6 7. g3 Nf6 8. Bg2
O-O 9. O-O Kh8 10. d5 Nbd7 11. f3 Ne5 12. Qb3 Nfd7 13. fxe4 Nc5 14. Qc2 Qb6
15. Kh1 Nxe4 16. Nxe4 fxe4 17. Rxf8+ Bxf8 18. Bf4 cxd5 19. cxd5 Bf5 20.
Bxe5 dxe5 21. Rf1 g6 22. Ng5 Be7 23. Nf7+ Kg7 24. Nxe5 Rc8 25. Qb3 Qd4 26.
g4 Qxe5 27. gxf5 gxf5 28. Qxb7 Rc7 29. Qb3 e3 30. Bf3 Bd6 31. Rg1+ Kh6 32.
Rg3 Rc1+ 33. Kg2 Qd4 34. Rh3+ Kg6 35. Qb5 Qg7 36. Qe8+ Kf6+ 37. Rg3 Bxg3
38. Qe6+ Kg5 39. hxg3 Qh6 40. Qxe3+ Kg6 41. Qe6+ Kg7 42. Qe7+ Kg8 43. Qd8+
Kg7 44. Qe7+ 1/2-1/2

[Event "FS GM"]
[Site "Budapest"]
[Date "1995.10.15"]
[Round "9"]
[White "El Ghazali, Y"]
[Black "Szekely, P"]
[Result "1/2-1/2"]
[WhiteElo "2315"]
[BlackElo "2435"]

1. c4 g6 2. Nc3 c5 3. d4 cxd4 4. Qxd4 Nf6 5. Nd5 Bg7 6. Bg5 Nc6 7. Qc3 Nh5
8. Qd2 h6 9. Bh4 g5 10. Bg3 d6 11. e3 Nf6 12. Bd3 Be6 13. e4 Rc8 14. Ne2
Nd7 15. O-O Nce5 16. Bxe5 Nxe5 17. Rac1 O-O 18. b3 Bd7 19. Ng3 e6 20. Ne3
Qe7 21. Be2 Bc6 22. Rcd1 Rcd8 23. Qb4 b6 24. Rd2 Rd7 25. Rfd1 Rfd8 26. h3
Qf8 27. Bh5 Qe7 28. Ng4 Kh8 29. Nxe5 Bxe5 30. Bf3 Qf6 31. Nh5 Qg6 32. Re2
Rc8 33. Ng3 Qf6 34. Nf1 Rcd8 35. Re3 Bb7 36. Qe1 Bc6 37. a4 Qg7 38. Nh2 Qg8
39. Red3 Qg7 40. Qe2 Qg8 41. Ng4 Qg7 42. g3 Kg8 43. Bg2 Kh8 44. Qe3 f6 45.
f4 gxf4 46. gxf4 Bb2 47. Qe2 Ba3 48. Qe1 f5 49. exf5 exf5 50. Bxc6 Re7 51.
Qh4 fxg4 52. hxg4 Rg8 53. Rg3 Bc5+ 54. Kg2 Rf8 55. g5 Qg6 56. gxh6 Re2+ 57.
Kh1 Qc2 58. Rf1 Rf2 59. Rfg1 R2xf4 60. Qe7 R4f7 61. Rg8+ Rxg8 62. Rxg8+
Kxg8 63. Qe8+ Kh7 64. Be4+ Qxe4+ 65. Qxe4+ Kxh6 66. Qe6+ Kg7 67. Kg2 a5 68.
Kg3 Rf2 69. Qd5 Kf6 70. Kg4 Ke7 71. Qb7+ Ke6 72. Kg5 Rf5+ 73. Kg6 Rf6+ 74.
Kg7 Rf2 75. Kg8 Ke5 76. Qd5+ Kf4 77. Kf7 Re2 78. Kf6 Re5 79. Qd2+ Kf3 80.
Qd3+ Kf2 81. Qd2+ Kf3 82. Qd3+ 1/2-1/2

[Event "FS GM"]
[Site "Budapest"]
[Date "1995.10.15"]
[Round "9"]
[White "Schneider, A"]
[Black "Reschke, S"]
[Result "1/2-1/2"]
[WhiteElo "2355"]
[BlackElo "2380"]

1. d4 Nf6 2. c4 g6 3. Nc3 Bg7 4. e4 d6 5. f3 O-O 6. Be3 Nc6 7. Nge2 a6 8.
Qd2 Rb8 9. h4 h5 10. O-O-O b5 11. Bh6 Bxh6 12. Qxh6 e5 13. d5 Na5 14. Ng3
bxc4 15. Be2 Bd7 16. Rd2 Rb4 17. Nf1 Nh7 18. Ne3 Qf6 19. Nc2 Rb6 20. Na3
Bb5 21. g4 hxg4 22. fxg4 g5 23. Qxf6 Nxf6 24. hxg5 Nh7 25. Rh5 Kg7 26. Nd1
f6 27. gxf6+ Nxf6 28. Rg5+ Kh6 29. Rf5 Kg6 30. g5 Nh7 31. Bg4 Kg7 32. Ne3
Rbb8 33. Rh2 Rxf5 34. Bxf5 Rh8 35. Rg2 Nf8 36. g6 Be8 37. Bc8 Bxg6 38. Nb1
Rh1+ 39. Kc2 Nb3 40. axb3 cxb3+ 41. Kxb3 Rxb1 42. Bxa6 Re1 43. Nc2 Rh1 44.
Bd3 Rh3 45. Kc4 Kf7 46. Nb4 Rh4 47. Re2 Nd7 48. Na2 Nb6+ 49. Kb5 Ke7 50.
Nc3 1/2-1/2

[Event "FS GM"]
[Site "Budapest"]
[Date "1995.10.16"]
[Round "10"]
[White "Van den Doel, E"]
[Black "Schneider, A"]
[Result "1/2-1/2"]
[WhiteElo "2305"]
[BlackElo "2355"]

1. e4 c5 2. Nf3 d6 3. d4 cxd4 4. Nxd4 Nf6 5. Nc3 g6 6. Be3 Bg7 7. f3 O-O 8.
Qd2 Nc6 9. Bc4 Bd7 10. O-O-O Ne5 11. Bb3 Rc8 12. h4 Nc4 13. Bxc4 Rxc4 14.
h5 Nxh5 15. Nde2 Qa5 16. Bh6 Bxc3 17. Nxc3 Rfc8 18. Qg5 Qxg5+ 19. Bxg5 f6
20. Be3 b6 21. g4 Ng7 22. Rh6 Ne6 23. Nd5 Re8 24. b3 Rcc8 25. a4 Bc6 26.
Kb2 Nf8 27. Nb4 Bb7 28. Ra1 Kg7 29. a5 Nd7 30. axb6 axb6 31. Rh3 Ra8 32.
Rah1 Rh8 33. c4 g5 34. Nc2 Bc8 35. Nd4 Ne5 36. Nb5 Rb8 37. Nc7 Bd7 38. Nd5
b5 39. cxb5 Rxb5 40. Bd4 Be6 41. Bxe5 fxe5 42. Nxe7 Rxb3+ 43. Kc2 Rb7 44.
Nf5+ Bxf5 45. exf5 h6 46. R3h2 d5 47. Ra1 Rc8+ 48. Kd1 Rc3 49. Ra6 Rb1+ 50.
Kd2 Rb2+ 51. Kxc3 Rxh2 52. Ra7+ Kf8 53. Ra8+ Ke7 54. Ra7+ Kd6 55. Ra6+ Kc5
56. Ra5+ Kc6 57. Ra6+ Kb5 58. Re6 Rf2 59. Rxe5 Kc5 60. Re6 Rxf3+ 61. Kd2
Rh3 62. Re1 Rf3 63. Re6 Rf4 64. Rxh6 Rxg4 65. f6 Kd6 66. f7+ Ke7 67. Rf6
Kf8 68. Rf5 1/2-1/2

[Event "FS GM"]
[Site "Budapest"]
[Date "1995.10.17"]
[Round "11"]
[White "Enders, P"]
[Black "Szekely, P"]
[Result "0-1"]
[WhiteElo "2470"]
[BlackElo "2435"]

1. e4 c5 2. Nf3 d6 3. d4 cxd4 4. Nxd4 Nf6 5. Nc3 a6 6. Bg5 e6 7. f4 Qb6 8.
Qd2 Qxb2 9. Nb3 Qa3 10. Bxf6 gxf6 11. Be2 h5 12. O-O Nd7 13. Kh1 Be7 14.
Qd4 Nc5 15. Rfd1 Bd7 16. e5 fxe5 17. fxe5 Nxb3 18. cxb3 Qc5 19. exd6 Qxd4
20. Rxd4 Bf6 21. Rd3 Rc8 22. Rc1 Bb5 23. Rf3 Be5 24. Bxb5+ axb5 25. d7+
Kxd7 26. Rxf7+ Ke8 27. Rf3 Ke7 28. Ne2 Rxc1+ 29. Nxc1 Rc8 30. Nd3 Bd4 31.
h4 e5 32. Rf1 Ke6 33. Rd1 Rc2 34. Nb4 Re2 35. Kh2 Bc5 36. Nd5 Rxa2 37. Nc7+
Kf5 38. Nxb5 Rb2 39. Rd3 b6 40. Rg3 e4 41. Rg5+ Ke6 42. Nc7+ Kd7 43. Rg7+
Kc6 44. Ne6 Bd6+ 45. Kg1 e3 46. g3 Kd5 0-1

[Event "FS GM"]
[Site "Budapest"]
[Date "1995.10.17"]
[Round "11"]
[White "Almasi, I"]
[Black "Seul, G"]
[Result "1/2-1/2"]
[WhiteElo "2395"]
[BlackElo "2430"]

1. c4 e5 2. Nc3 d6 3. g3 f5 4. d3 Nf6 5. Bg2 Be7 6. e3 O-O 7. Nge2 c6 8.
O-O Na6 9. e4 Qe8 10. Bg5 Qh5 11. Bxf6 Rxf6 12. Nc1 Qh6 13. exf5 Bxf5 14.
Ne4 Rf7 15. Ne2 Raf8 16. N2c3 Nc7 17. d4 Qg6 18. d5 c5 19. Qb3 Bc8 20. Rad1
Ne8 21. Qa4 Bg4 22. Rde1 a6 23. b4 cxb4 24. Qxb4 Bc8 25. Qb6 Nf6 26. Nxf6+
gxf6 27. c5 f5 28. cxd6 Bxd6 29. Kh1 Rf6 30. Qb1 b5 31. f4 exf4 32. gxf4
Kh8 33. Ne2 Bc5 34. Qb2 Qg7 35. Bf3 R6f7 36. Qc2 Rc7 37. Qd3 Rd7 38. Ng3
Qd4 39. Qxd4+ Bxd4 40. Nxf5 Bc5 41. Ng3 Bb7 42. f5 Bxd5 43. Bxd5 Rxd5 44.
Re6 a5 1/2-1/2

[Event "FS GM"]
[Site "Budapest"]
[Date "1995.10.17"]
[Round "11"]
[White "El Ghazali, Y"]
[Black "Reschke, S"]
[Result "1/2-1/2"]
[WhiteElo "2315"]
[BlackElo "2380"]

1. c4 Nf6 2. Nc3 g6 3. g3 Bg7 4. Bg2 O-O 5. Nf3 c6 6. O-O d6 7. d3 e5 8.
Rb1 Re8 9. Bg5 h6 10. Bxf6 Bxf6 11. b4 a6 12. a4 a5 13. b5 Qc7 14. Nd2 Be6
15. Qb3 Nd7 16. bxc6 bxc6 17. Qb7 Qxb7 18. Rxb7 Rec8 19. Rfb1 Bd8 20. h3
Nc5 21. R1b2 f5 22. Nb3 Nd7 23. e3 Bf6 24. Nd2 Nc5 25. R7b6 Bd7 26. Bf1 Kf7
27. Nb3 Ne6 28. Bg2 Ke7 29. Rb7 Ra6 30. Nc1 Nc5 31. R7b6 Rxb6 32. Rxb6 Kd8
33. Kf1 Kc7 34. Rb1 Be6 35. Ke1 e4 36. d4 Bxc4 37. Bf1 Bxf1 38. Kxf1 Nb7
39. Ke2 d5 40. Nb3 Be7 41. Rc1 Kd7 42. Rb1 Ra8 43. h4 Ra6 44. Kd1 Rb6 45.
Kc2 Rb4 46. Rg1 Ke6 47. Ra1 Bd8 48. Rd1 Kf6 49. Ra1 Bb6 50. Nd2 Bc7 51. Na2
Rb6 52. Nb3 Bd6 53. Rb1 Ke6 54. Nc3 Ba3 55. Nxa5 Rxb1 56. Nxb1 Nxa5 57.
Nxa3 Kd6 58. Kc3 Kc7 59. Kb4 Kb6 60. Kc3 Kc7 61. Nb1 Kb6 62. Nd2 Nb7 63.
Nb3 Nd6 64. Nc5 Ka5 65. Kb3 Nc4 66. Nd7 g5 67. hxg5 hxg5 68. Ne5 Nd2+ 69.
Kc2 Nf1 70. Nxc6+ Kxa4 71. Ne7 Nh2 72. Kd1 f4 73. gxf4 gxf4 74. Nxd5 fxe3
75. fxe3 Ng4 76. Kd2 Kb3 77. Nc3 Nf6 78. Ne2 Kc4 79. Nf4 Ng4 80. Ng6 Nh6
81. Nh4 Nf7 82. Nf5 Ng5 83. Ke2 Kd5 84. Kf2 Ke6 85. Ng3 Kd5 86. Ne2 Kc4 87.
Nf4 Nf3 88. Kg3 Nxd4 89. exd4 Kxd4 90. Kf2 e3+ 1/2-1/2

First Saturday IM A Tournament
------------------------------

[Event "FS IM A"]
[Site "Budapest"]
[Date "1995.10.07"]
[Round "1"]
[White "Reissman, W"]
[Black "Kecskes, G"]
[Result "1/2-1/2"]
[WhiteElo "2265"]
[BlackElo "2280"]

1. d4 Nf6 2. c4 g6 3. Nc3 Bg7 4. Nf3 O-O 5. Bf4 d6 6. e3 c5 7. Be2 cxd4 8.
exd4 Nc6 9. O-O Bf5 10. Rc1 Rc8 11. a3 Na5 12. Nd2 Nc6 13. Be3 a6 14. h3 e5
15. Nf3 Ne4 16. Nd5 Be6 17. dxe5 dxe5 18. Nb6 Qxd1 19. Rfxd1 1/2-1/2

[Event "FS IM A"]
[Site "Budapest"]
[Date "1995.10.07"]
[Round "1"]
[White "Labin, S"]
[Black "Mikhailov, V"]
[Result "0-1"]
[WhiteElo "2210"]
[BlackElo "2355"]

1. d4 Nf6 2. c4 e6 3. Nc3 Bb4 4. e3 c5 5. Nge2 d5 6. cxd5 Nxd5 7. a3 Bxc3+
8. bxc3 cxd4 9. cxd4 O-O 10. e4 Nf6 11. Ng3 Nc6 12. e5 Nd5 13. Bd3 f5 14.
exf6 Qxf6 15. O-O Qxd4 16. Qc2 Qh4 17. Bb2 Bd7 18. Rae1 Rac8 19. Qb1 Na5
20. Re5 Be8 21. Rxe6 Nf4 22. Re5 Nc6 23. Bc1 Nxe5 24. Nf5 Qg5 25. Bxf4 Qxf4
26. Ne7+ Kh8 27. Nxc8 Bc6 28. Ne7 Nf3+ 29. gxf3 Qg5+ 0-1

[Event "FS IM A"]
[Site "Budapest"]
[Date "1995.10.08"]
[Round "2"]
[White "Honfi, K"]
[Black "Zimmerman, Y"]
[Result "0-1"]
[WhiteElo "2390"]
[BlackElo "2375"]

1. e4 d6 2. d4 Nf6 3. Nc3 g6 4. g3 Bg7 5. Bg2 O-O 6. Nge2 e5 7. h3 Nc6 8.
Be3 Bd7 9. O-O exd4 10. Nxd4 Re8 11. Re1 a6 12. f4 Nxd4 13. Bxd4 c5 14.
Bxf6 Bxf6 15. Qxd6 Bd4+ 16. Kh2 Re6 17. Qd5 Bc6 18. Qxd8+ Rxd8 19. Rad1
Red6 20. e5 R6d7 21. Bxc6 bxc6 22. Ne4 Bg1+ 23. Kxg1 Rxd1 24. Kf2 Rxe1 25.
Kxe1 Rd4 26. Nf6+ Kg7 27. Ke2 c4 28. h4 a5 29. Ne8+ Kf8 30. Nd6 c3 31. bxc3
Ra4 32. Kd3 Rxa2 33. Ne4 a4 34. Nc5 a3 35. c4 Rb2 36. Kc3 Rb1 0-1

[Event "FS IM A"]
[Site "Budapest"]
[Date "1995.10.08"]
[Round "2"]
[White "Kahn, E"]
[Black "Eperjesi, L"]
[Result "1/2-1/2"]
[WhiteElo "2350"]
[BlackElo "2280"]

1. d4 d5 2. c4 e6 3. Nc3 Nf6 4. cxd5 exd5 5. Bg5 c6 6. e3 Be7 7. Bd3 Nbd7
8. Qc2 O-O 9. Nf3 Re8 10. O-O Nf8 11. Rae1 Ne4 12. Bxe7 Qxe7 13. Nxe4
1/2-1/2